• 首页
  • 本馆介绍
  • 公告通知
  • 最新文献
  • 馆藏检索
  • 电子资源
  • 读者导购
  • 参考咨询
  • 我的图书馆
  • 登录
  • 详细信息显示
  • 放入我的书架
  • 预约/预借图书
  • 作者相关作品
  • 分类相关作品
  • 丛书相关作品
  • 出版社相关作品

书目信息

  • 表格格式
  • 工作单格式
  • 卡片格式
书名: Recalling the Long March
作者: by Liu Po-cheng and others
分册号:
分册名:
出版地: Peking :
 
出版社: Foreign Language Press
出版时间: 1978.
页数: vi, 181 p., [17] leaves of plates :
开本: 19 cm.
丛书名:
中图分类号:
科图分类号:
其他分类号: H319.4
主题词:
电子资源:
000 01031nam 2200265 a 4500
001 E0760902388
004 001299827
005 20070228165520.04
008 790326s1978 cc ab 000 0 eng
008 4001uueng0000000
040    @aCSH @cCSH @dEL @dCcBjTSG
041 1  @aeng @hchi
043    @aa-cc---
090    @aI251 @bH899En
090    @aH319.4
096    @aI251
099    @dH319.4@ex454
130 0  @aHui gu Changzheng. @lEnglish.
245 10 @aRecalling the Long March / @cby Liu Po-cheng and others
246 33 @a回顾长征
260    @aPeking :@bForeign Language Press,@c1978.
300    @avi, 181 p., [17] leaves of plates :@bill., folded map ;@c19 cm.
650  0 @aChina @xHistory @yLong March, 1934-1935 @vPersonal narratives.
700 1  @aLiu, Bocheng, @d1892- @b02 @c20060517 @lNLC09 @h1159 @b40 @c20060711 @lNLC09 @h1709 @b40 @c20060711 @lNLC09 @h1710 @b40 @c20060825 @lNLC09 @h0941 @b40 @c20060825 @lNLC09 @h0941 @b40 @c20060825 @lNLC09 @h0942
852 91 @bWWJC @cJ09 @k2C-2006 @hI251 @iH899En
    
    Recalling the Long March / / by Liu Po-cheng and others.-Peking : : Foreign Language Press, , 1978.
    vi, 181 p., [17] leaves of plates : : ill., folded map ; ; 19 cm.
    
    
    ISBN
    
●
相关链接 在E读中查询图书 在五车中查询图书 在当当中查询图书 在豆瓣中查询图书


正题名:Recalling the Long March     索取号:H319.4/x454         预约/预借

序号 登录号 条形码 馆藏地/架位号 状态 备注
1 01524   000446985   第四借阅区/ [索取号:H319.4/x454] 在馆    
2 01525   000447840   第四借阅区/ [索取号:H319.4/x454] 在馆    
3 01526   000446903   第四借阅区/ [索取号:H319.4/x454] 在馆    
4 01527   000447225   第四借阅区/ [索取号:H319.4/x454] 在馆    
5 01528   000447341   第四借阅区/ [索取号:H319.4/x454] 在馆    
6 01529   000447181   第四借阅区/ [索取号:H319.4/x454] 在馆    
7 01530   000447145   第四借阅区/ [索取号:H319.4/x454] 在馆    
8 01531   000446949   第四借阅区/ [索取号:H319.4/x454] 在馆    
9 01532   000447261   第四借阅区/ [索取号:H319.4/x454] 在馆    
10 01533   000447109   第四借阅区/ [索取号:H319.4/x454] 在馆    
唐山师范学院图书馆 欢迎您!
大连网信软件有限公司© 版权所有